|
|
|
|
| LEADER |
02669nam a2200733 4500 |
| 001 |
ocn861533810 |
| 003 |
OCoLC |
| 005 |
20170124070350.1 |
| 006 |
m o d |
| 007 |
cr cn||||||||| |
| 008 |
131006s2014 gw a ob 001 0 eng d |
| 040 |
|
|
|a E7B
|b eng
|e rda
|e pn
|c E7B
|d N$T
|d CUS
|d YDXCP
|d RECBK
|d OCLCF
|d OCLCQ
|d COO
|d LOA
|d DG1
|d OCLCQ
|d GrThAP
|
| 019 |
|
|
|a 871380977
|a 960200954
|
| 020 |
|
|
|a 9783527656257
|q (electronic bk.)
|
| 020 |
|
|
|a 3527656251
|q (electronic bk.)
|
| 020 |
|
|
|a 9783527656240
|
| 020 |
|
|
|a 3527656243
|
| 020 |
|
|
|a 9783527656233
|
| 020 |
|
|
|a 3527656235
|
| 020 |
|
|
|a 9783527656226
|
| 020 |
|
|
|a 3527656227
|
| 020 |
|
|
|a 3527410740
|
| 020 |
|
|
|a 9783527410743
|
| 020 |
|
|
|z 9783527410743
|
| 029 |
1 |
|
|a AU@
|b 000052334834
|
| 029 |
1 |
|
|a CHBIS
|b 009984657
|
| 029 |
1 |
|
|a CHBIS
|b 010131750
|
| 029 |
1 |
|
|a CHVBK
|b 306438666
|
| 029 |
1 |
|
|a CHVBK
|b 314709509
|
| 029 |
1 |
|
|a DEBBG
|b BV041632678
|
| 029 |
1 |
|
|a DEBBG
|b BV041829480
|
| 029 |
1 |
|
|a GBVCP
|b 790210444
|
| 029 |
1 |
|
|a NZ1
|b 15340116
|
| 035 |
|
|
|a (OCoLC)861533810
|z (OCoLC)871380977
|z (OCoLC)960200954
|
| 050 |
|
4 |
|a QB462.7
|b .B47 2014eb
|
| 072 |
|
7 |
|a SCI
|x 024000
|2 bisacsh
|
| 072 |
|
7 |
|a SCI
|x 041000
|2 bisacsh
|
| 072 |
|
7 |
|a SCI
|x 055000
|2 bisacsh
|
| 082 |
0 |
4 |
|a 530.446
|2 23
|
| 049 |
|
|
|a MAIN
|
| 100 |
1 |
|
|a Belmont, Gérard,
|e author.
|
| 245 |
1 |
0 |
|a Collisionless plasmas in astrophysics /
|c Gerard Belmont, Roland Grappin, Fabrice Mottez, Filippo Pantellini, Guy Pelletier.
|
| 264 |
|
1 |
|a Weinheim, Germany :
|b Wiley-VCH,
|c 2014.
|
| 300 |
|
|
|a 1 online resource (xi, 413 pages) :
|b illustrations
|
| 336 |
|
|
|a text
|b txt
|2 rdacontent
|
| 337 |
|
|
|a computer
|b c
|2 rdamedia
|
| 338 |
|
|
|a online resource
|b cr
|2 rdacarrier
|
| 504 |
|
|
|a Includes bibliographical references (pages 395-403) and index.
|
| 588 |
0 |
|
|a Online resource; title from PDF title page (Wiley, viewed November 12, 2013).
|
| 650 |
|
0 |
|a Collisionless plasmas.
|
| 650 |
|
0 |
|a Plasma astrophysics.
|
| 650 |
|
7 |
|a SCIENCE
|x Energy.
|2 bisacsh
|
| 650 |
|
7 |
|a SCIENCE
|x Mechanics
|x General.
|2 bisacsh
|
| 650 |
|
7 |
|a SCIENCE
|x Physics
|x General.
|2 bisacsh
|
| 650 |
|
7 |
|a Collisionless plasmas.
|2 fast
|0 (OCoLC)fst00868302
|
| 650 |
|
7 |
|a Plasma astrophysics.
|2 fast
|0 (OCoLC)fst01066287
|
| 655 |
|
4 |
|a Electronic books.
|
| 700 |
1 |
|
|a Grappin, Roland,
|e author.
|
| 700 |
1 |
|
|a Mottez, Fabrice,
|e author.
|
| 700 |
1 |
|
|a Pantellini, Filippo,
|e author.
|
| 700 |
1 |
|
|a Pelletier, Guy,
|e athor.
|
| 776 |
0 |
8 |
|a Belmont, Gérard.
|t Collisionless plasmas in astrophysics.
|d Weinheim : Wiley-VCH, [2014]
|z 9783527410743
|w (OCoLC)862089813
|
| 856 |
4 |
0 |
|u https://doi.org/10.1002/9783527656226
|z Full Text via HEAL-Link
|
| 994 |
|
|
|a 92
|b DG1
|